000 00833nam a22002057a 4500
001 EIF-IV-1999-M3-018
003 OSt
005 20221108152317.0
008 221108b |||||||| |||| 00| 0 eng d
040 _aFundación Jesús Pereda
_cFundación Jesús Pereda
041 _aCatalán
100 _uIES Puçol, València
_aSimeón Riera, J. Daniel
_9349
111 _aEncuentro de Investigadores del Franquismo
_c(Valencia.
_d1999.
_n4º)
_996
245 _aRepensar el franquisme des d'una comunitat rural:
_bel cas de Xàvia 1939-1953
_c/J. Daniel Simeón Riera
650 0 _96
_aFranquismo
651 0 _9144
_aValencia
773 _tActas del IV Encuentro de Investigadores del Franquismo
_g408-414 p.
856 _uhttps://bibliotecaccoocyl.fundacionjesuspereda.es/cgi-bin/koha/opac-retrieve-file.pl?id=954d7fd446ededeec2a87b23399c64e4
942 _2ddc
_cCF
_n0
999 _c175
_d175